LEADER 01157nas a2200241 i 4500 001 000000234847 003 CaOOAMICUS 005 20230614100848.0 008 141023b1984 it uu u0 0ita r 040 $aSeMil$bita 100 1 $aColagiovanni, Michele.$0(OLS)http://semarc/name/18093 245 10$aMaria De Mattias :$bla ribelle obbediente /$cMichele Colagiovanni. 264 1$aRoma :$bEd. Pia Unione Prez. mo Sangue,$c1984. 300 $a482 p., [2] p. di tav. ;$c25 cm. 500 $aNumero della rivista "Il sangue della redenzione", anno LXIX, numero unico, 1983 600 14$aDe Mattias, Maria .$0(OLS)http://semarc/subject/22276 710 2 $aMissionari del Preziosissimo Sangue .$0(OLS)http://semarc/name/10684 830 3$aIl sangue della redenzione.$0(OLS)http://semarc/title/444382 850 $aSeMil 852 $aSeMil$W1$xVenegono$y1$m3J VI 161$j241450$B185193$CSeMilBibl$Z2$F196079 $85 996 $6245$aMaria De Mattias :$bla ribelle obbediente$9(OLS)http://semarc/title/335015 996 $6264$aRoma :$bEd. Pia Unione Prez. mo Sangue$9(OLS)http://semarc/publisher/54110 LEADER 00646nam a2200169 i 4500 001 000000060802 003 CaOOAMICUS 005 20121011000000.0 008 121011s1841 it u000 u ita u 013 $a31974 040 $aSeMil$bita 245 10$aVol. 1. 300 $aXXVI, 302 p. :$bill. 773 0 $aWiseman, Nicholas Patrick <1802-1865>$tConferenze sopra la connessione delle scienze colla religione rivelata.$dMilano : Società tipogr. de' Classici italiani, 1841-1842.$g1$w()27526 850 $aSeMil 852 $aSeMil$W1$xVenegono$y1$m2K IV 15 FA$j26955$B26955$CSeMilBibl$Z2$F26958 $8I 996 $6245$aVol. 1$9(OLS)http://semarc/title/13429